My kindergarten counting book / (Record no. 9690)

MARC details
000 -LEADER
fixed length control field 00849nam a22002777a 4500
001 - CONTROL NUMBER
control field 9690
003 - CONTROL NUMBER IDENTIFIER
control field FISKH
005 - DATE AND TIME OF LATEST TRANSACTION
control field 20260129150741.0
008 - FIXED-LENGTH DATA ELEMENTS--GENERAL INFORMATION
fixed length control field 260129b cb ||||| |||| 00| 0 eng d
020 ## - INTERNATIONAL STANDARD BOOK NUMBER
International Standard Book Number 0307302695
040 ## - CATALOGING SOURCE
Original cataloging agency FISKH
Language of cataloging eng
Transcribing agency FISKH
Modifying agency FISKH
050 ## - LIBRARY OF CONGRESS CALL NUMBER
Classification number PZ3.8 .K2
082 ## - DEWEY DECIMAL CLASSIFICATION NUMBER
Classification number 513.2
100 ## - MAIN ENTRY--PERSONAL NAME
Personal name Lundell, Margo
Relator term Author
245 ## - TITLE STATEMENT
Title My kindergarten counting book /
Statement of responsibility, etc. By Margo Lundell ; illustrated by Kathryn Mitter
260 ## - PUBLICATION, DISTRIBUTION, ETC.
Place of publication, distribution, etc. New York :
Name of publisher, distributor, etc. A Golden Book ,
Date of publication, distribution, etc. 1995
300 ## - PHYSICAL DESCRIPTION
Extent 22 unnumbered pages :
Other physical details color illustrations ;
Dimensions 20 cm
505 ## - FORMATTED CONTENTS NOTE
Formatted contents note G<br/>
520 ## - SUMMARY, ETC.
Summary, etc. Spend a day in kindergarten counting from one to twenty.
521 8# - TARGET AUDIENCE NOTE
Target audience note 300<br/>
Source Lexile estimate<br/>
521 8# - TARGET AUDIENCE NOTE
Target audience note G<br/>
Source Raz-Plus<br/>
650 ## - SUBJECT ADDED ENTRY--TOPICAL TERM
Topical term or geographic name entry element Golden book
Form subdivision Counting numbers
700 ## - ADDED ENTRY--PERSONAL NAME
Personal name Mitter, Kathryn
Relator term Illustrator
942 ## - ADDED ENTRY ELEMENTS (KOHA)
Source of classification or shelving scheme Dewey Decimal Classification
Koha item type Books
Suppress in OPAC No
Holdings
Withdrawn status Lost status Source of classification or shelving scheme Damaged status Not for loan Collection Home library Current library Shelving location Date acquired Total Checkouts Full call number Barcode Date last seen Copy number Price effective from Koha item type
    Dewey Decimal Classification     Non-Fiction Footprints International School Library Network Toul Tom Poung Campus Footprints International School Library Network Toul Tom Poung Campus TTP Primary Green Bookshelves 01/29/2026   LUN 513.2 PZ3.8 .K2 2026-0203 01/29/2026 1 01/29/2026 Books